Operating Systems : (Record no. 13)

MARC details
000 -LEADER
fixed length control field 00551cam a2200217ua 4500
008 - FIXED-LENGTH DATA ELEMENTS--GENERAL INFORMATION
fixed length control field 190725n ii |||gr||||Z||||||eng
020 ## - INTERNATIONAL STANDARD BOOK NUMBER
International Standard Book Number 978-0-07-061194-8
020 ## - INTERNATIONAL STANDARD BOOK NUMBER
International Standard Book Number 0-07-061194-8
040 ## - CATALOGING SOURCE
Transcribing agency MAIN
041 ## - LANGUAGE CODE
-- eng
082 ## - DEWEY DECIMAL CLASSIFICATION NUMBER
Classification number 005.43
100 ## - MAIN ENTRY--PERSONAL NAME
Personal name Dhamdhere, D M.,
245 ## - TITLE STATEMENT
Title Operating Systems :
Remainder of title A concept-based approch /
Statement of responsibility, etc. By D M Dhamdhere
250 ## - EDITION STATEMENT
Edition statement 2nd.
260 ## - PUBLICATION, DISTRIBUTION, ETC.
Place of publication, distribution, etc. New Delhi:
Name of publisher, distributor, etc. Mcgraw-Hill,
Date of publication, distribution, etc. 2006.
300 ## - PHYSICAL DESCRIPTION
Extent xviii, 789 p.:
Other physical details ill;
Dimensions 24 cm.
942 ## - ADDED ENTRY ELEMENTS (KOHA)
Koha item type Books
653 ## - INDEX TERM--UNCONTROLLED
Uncontrolled term Computer
653 ## - INDEX TERM--UNCONTROLLED
Uncontrolled term Operating System
Holdings
Withdrawn status Lost status Damaged status Not for loan Home library Current library Shelving location Date acquired Total Checkouts Full call number Barcode Date last seen Copy number Price effective from Koha item type
        Naharkatiya College Library Naharkatiya College Library General Stacks 19/09/2020   005.43 | DHA 18517 19/09/2020 1 19/09/2020 Books

Naharkatiya College © 2020. All rights reserved.

Powered By